[Event "Skopje op"]
[Site "Skopje"]
[Date "2022.10.26"]
[Round "8"]
[White "Kochovski, Oliver"]
[Black "Atanasovski, Blazhe"]
[Result "1-0"]
[WhiteElo "1424"]
[BlackElo "1752"]
[PlyCount "63"]
[EventDate "2022.10.21"]
[EventType "swiss"]
[EventRounds "9"]
[EventCountry "MKD"]
[SourceTitle "EXT 2024"]
[Source "ChessBase"]
[SourceDate "2023.10.10"]
[SourceVersion "1"]
[SourceVersionDate "2023.10.10"]
[SourceQuality "1"]

1. e4 e5 2. d4 exd4 3. Nf3 Nc6 4. Nxd4 Nxd4 5. Qxd4 d6 6. Nc3 Nf6 7. Bc4 Be7 8. 0-0 0-0 9. a3 Nd7 10. Nd5 Bf6 11. Nxf6+ Qxf6 12. Qe3 Nc5 13. Rb1 Re8 14. f3 Be6 15. Bb5 Bd7 16. Bc4 Qe5 17. b4 Na4 18. Bb3 Bc6 19. Rf2 Re7 20. c4 Nb6 21. Bb2 Qh5 22. Rc1 a6 23. c5 dxc5 24. Rxc5 Qg6 25. Rg5 Qh6 26. Rxg7+ Qxg7 27. Bxg7 Kxg7 28. Qg5+ Kf8 29. Qf6 Rd7 30. Rd2 Rad8 31. Bxf7 Rxd2 32. Bg6+ 1-0

[Event "Skopje op"]
[Site "Skopje"]
[Date "2019.12.07"]
[Round "3"]
[White "Jancev, Valentin"]
[Black "Kochovski, Oliver"]
[Result "0-1"]
[WhiteElo "1847"]
[BlackElo "1361"]
[PlyCount "88"]
[EventDate "2019.12.06"]
[EventType "swiss"]
[EventRounds "9"]
[EventCountry "MKD"]
[SourceTitle "CBM 193 Extra"]
[Source "ChessBase"]
[SourceDate "2020.01.31"]
[SourceVersion "1"]
[SourceVersionDate "2020.01.31"]
[SourceQuality "1"]

1. b3 d5 2. Bb2 Nc6 3. g3 e5 4. Bg2 Be6 5. e3 Bd6 6. Ne2 Qd7 7. d4 e4 8. Nd2 Bh3 9. Bxh3 Qxh3 10. Nf4 Bxf4 11. gxf4 Qg2 12. Ke2 Qg4+ 13. Ke1 Qh4 14. h3 f5 15. Qe2 Nf6 16. Nf1 0-0-0 17. Ng3 g6 18. Kd2 Nh5 19. Rag1 Rhg8 20. Kc1 Rdf8 21. Ba3 Re8 22. c4 dxc4 23. Qxc4 Nxf4 24. exf4 Qxf4+ 25. Kb1 Qxf2 26. Ne2 Rd8 27. Bb2 Na5 28. Qb5 a6 29. Qxa5 Qxe2 30. Re1 Qd3+ 31. Ka1 e3 32. Qc5 f4 33. Rc1 c6 34. Rhd1 Qb5 35. Qe7 e2 36. Qe6+ Kb8 37. Re1 Rde8 38. Qd6+ Ka8 39. Qxf4 Rgf8 40. Qd2 Qh5 41. Rc5 Qxh3 42. Rxe2 Qf1+ 43. Rc1 Qxe2 44. Qa5 Rf1 0-1

[Event "FRM-ch op"]
[Site "Skopje"]
[Date "2018.12.15"]
[Round "1"]
[White "Kochovski, Oliver"]
[Black "Kralevski, Aleksander"]
[Result "0-1"]
[WhiteElo "1365"]
[BlackElo "2112"]
[PlyCount "84"]
[EventDate "2018.12.15"]
[EventType "swiss"]
[EventRounds "9"]
[EventCountry "MKD"]
[SourceTitle "CBM 187 Extra"]
[Source "ChessBase"]
[SourceDate "2018.11.04"]
[SourceVersion "1"]
[SourceVersionDate "2018.11.04"]
[SourceQuality "1"]

1. d4 d5 2. c4 c6 3. Nc3 dxc4 4. a4 e5 5. e3 exd4 6. exd4 Be6 7. Nf3 Nf6 8. Ne5 Qe7 9. Be3 Qb4 10. Qc2 Nbd7 11. Be2 Nxe5 12. dxe5 Nd7 13. f4 g6 14. 0-0 Bc5 15. Qc1 Bxe3+ 16. Qxe3 Qc5 17. Kf2 Qxe3+ 18. Kxe3 Nc5 19. g3 0-0-0 20. Rfd1 Bd5 21. Nxd5 cxd5 22. Ra3 Nb3 23. Bf1 Kc7 24. Bg2 d4+ 25. Kf2 Kb6 26. Be4 Rd7 27. Bd3 Na5 28. Be4 Kc5 29. Rc1 Kb4 30. Bc2 Rc8 31. f5 Rc5 32. e6 fxe6 33. fxg6 d3 34. Bxd3 cxd3 35. Rxc5 Kxc5 36. gxh7 Rxh7 37. h4 Kd4 38. Ra1 Rf7+ 39. Ke1 Ke3 40. Ra3 Rf3 41. g4 Rh3 42. Kf1 Rxh4 0-1